[Event "Mittelfranken Landesliga Nord 2223"]
[Site "Mittelfranken"]
[Date "2023.03.19"]
[Round "8.2"]
[White "Koch, Moritz"]
[Black "Blodig, Constantin"]
[Result "0-1"]
[WhiteElo "2183"]
[BlackElo "2195"]
[PlyCount "132"]
[EventDate "2022.10.09"]
[EventType "team-tourn"]
[EventRounds "9"]
[EventCountry "GER"]
[SourceTitle "EXT 2024"]
[Source "ChessBase"]
[SourceDate "2023.10.10"]
[SourceVersion "1"]
[SourceVersionDate "2023.10.10"]
[SourceQuality "1"]
[WhiteTeam "Herzogenaurach"]
[BlackTeam "Kelheim"]
[WhiteTeamCountry "GER"]
[BlackTeamCountry "GER"]

1. e4 c5 2. Nc3 Nc6 3. d3 g6 4. Be3 d6 5. d4 cxd4 6. Bxd4 Nxd4 7. Qxd4 Nf6 8. e5 dxe5 9. Bb5+ Bd7 10. Qxe5 a6 11. Bxd7+ Qxd7 12. Rd1 Qf5 13. Nf3 Qxe5+ 14. Nxe5 e6 15. 0-0 Rc8 16. a3 Bxa3 17. Na4 Be7 18. c4 0-0 19. Nb6 Rc7 20. b3 Kg7 21. Rd3 Rd8 22. Rxd8 Bxd8 23. Rd1 Be7 24. Kf1 Bc5 25. Na4 Bb4 26. Rd3 b5 27. Nb2 Ne4 28. Nd1 Kf6 29. Ng4+ Ke7 30. cxb5 axb5 31. Rd4 Rd7 32. Rxd7+ Kxd7 33. Ne5+ Kd6 34. Nxf7+ Kd5 35. Ke2 Nc5 36. Ng5 Nxb3 37. Kd3 Nc5+ 38. Kc2 h6 39. Nf7 Ne4 40. Nxh6 Bd6 41. Ng4 Kd4 42. f3 Nc5 43. Nc3 Kc4 44. Ne3+ Kb4 45. g3 Be5 46. Nb1 Bd4 47. Nf1 Kc4 48. Na3+ Kb4 49. Nb1 Ka5 50. Nfd2 b4 51. Nc4+ Ka4 52. h4 b3+ 53. Kd2 Kb4 54. Nb6 Bf2 55. g4 Bxh4 56. Ke3 b2 57. f4 Kb3 58. f5 exf5 59. gxf5 gxf5 60. Kf4 Na4 61. Nd5 Be1 62. Kxf5 Nc3 63. Ndxc3 Bxc3 64. Ke4 Bb4 65. Kd3 Ka2 66. Kc2 Ka1 0-1

[Event "Mittelfranken Landesliga Nord 2223"]
[Site "Mittelfranken"]
[Date "2022.11.27"]
[Round "3.1"]
[White "Blodig, Constantin"]
[Black "Yalcin, Alparslan"]
[Result "0-1"]
[WhiteElo "2195"]
[BlackElo "2136"]
[PlyCount "94"]
[EventDate "2022.10.09"]
[EventType "team-tourn"]
[EventRounds "9"]
[EventCountry "GER"]
[SourceTitle "EXT 2024"]
[Source "ChessBase"]
[SourceDate "2023.10.10"]
[SourceVersion "1"]
[SourceVersionDate "2023.10.10"]
[SourceQuality "1"]
[WhiteTeam "Kelheim"]
[BlackTeam "Kitzingen"]
[WhiteTeamCountry "GER"]
[BlackTeamCountry "GER"]

1. e4 e5 2. Nf3 Nc6 3. d4 exd4 4. Nxd4 Bb4+ 5. c3 Bc5 6. Be3 Bb6 7. Nf5 g6 8. Bxb6 axb6 9. Ne3 Nge7 10. c4 d6 11. Nc3 f5 12. exf5 Nxf5 13. Nxf5 Bxf5 14. Be2 0-0 15. 0-0 Qf6 16. Bf3 Rae8 17. Nd5 Qg7 18. Rc1 Nd4 19. Rc3 Kh8 20. Re1 c6 21. Rxe8 Rxe8 22. Ne3 Be4 23. Bxe4 Rxe4 24. Ra3 h6 25. Qa4 b5 26. Qa8+ Kh7 27. cxb5 Nxb5 28. Rd3 d5 29. h3 Nd6 30. Ng4 h5 31. Qd8 Re6 32. Ne3 d4 33. Nc2 c5 34. b4 Nf7 35. Qc8 Rc6 36. Qxb7 Ne5 37. Qxg7+ Kxg7 38. Nxd4 cxd4 39. Rxd4 Rc1+ 40. Kh2 Rc2 41. Rd5 Kf6 42. f4 Nf3+ 43. Kg3 Ne1 44. b5 g5 45. Rd6+ Kf5 46. Rd5+ Ke4 47. Rc5 Rxg2# 0-1

[Event "DSOL 01 Liga Gr-C 1st"]
[Site "Playchess.com INT"]
[Date "2020.07.28"]
[Round "6.1"]
[White "Hummel, Dirk"]
[Black "Blodig, Constantin"]
[Result "0-1"]
[WhiteElo "2238"]
[BlackElo "2133"]
[PlyCount "70"]
[EventDate "2020.06.22"]
[EventType "team-tourn (rapid)"]
[EventCountry "GER"]
[SourceTitle "EXT 2021"]
[Source "ChessBase"]
[SourceDate "2020.10.23"]
[SourceVersion "1"]
[SourceVersionDate "2020.10.23"]
[SourceQuality "1"]
[WhiteTeam "Osnabrueck SV"]
[BlackTeam "Kelheim"]
[WhiteTeamCountry "GER"]
[BlackTeamCountry "GER"]

1. d4 e6 2. c4 f5 3. g3 Nf6 4. Bg2 Be7 5. Nf3 0-0 6. 0-0 d6 7. Nc3 a5 8. Qc2 Nc6 9. Rd1 Qe8 10. e4 fxe4 11. Nxe4 e5 12. dxe5 dxe5 13. h3 Kh8 14. Be3 Bf5 15. Nh4 Be6 16. Nc5 Bc8 17. Qa4 Qf7 18. Nxb7 Bxb7 19. Bxc6 Rab8 20. Bxb7 Rxb7 21. Qc2 Nh5 22. Ng2 Qe6 23. Kh2 Nf6 24. Re1 Qc6 25. Re2 a4 26. f4 exf4 27. Bxf4 Bc5 28. Rae1 Bd4 29. Bc1 Rb4 30. b3 axb3 31. axb3 Qf3 32. Re3 Bxe3 33. Rxe3 Qa8 34. Bd2 Rbb8 35. Bc3 Rbe8 0-1

[Event "Oberpfalz-ch M1"]
[Site "Bad Koetzting"]
[Date "2018.03.26"]
[Round "5"]
[White "Uphoff, Lennart"]
[Black "Blodig, Constantin"]
[Result "1/2-1/2"]
[WhiteElo "2067"]
[BlackElo "2112"]
[PlyCount "76"]
[EventDate "2018.03.24"]
[EventType "swiss"]
[EventRounds "8"]
[EventCountry "GER"]
[SourceTitle "EXT 2020"]
[Source "ChessBase"]
[SourceDate "2019.10.17"]
[SourceVersion "1"]
[SourceVersionDate "2019.10.17"]
[SourceQuality "1"]

1. d4 f5 2. g3 e6 3. Bg2 Nf6 4. Nf3 Be7 5. c4 d6 6. 0-0 0-0 7. Nc3 a5 8. Re1 Ne4 9. Qc2 Nxc3 10. bxc3 Nc6 11. e4 e5 12. dxe5 dxe5 13. exf5 Bxf5 14. Qb3 Rb8 15. Nxe5 Bc5 16. Be3 Nxe5 17. Bxc5 Re8 18. Bd4 Nc6 19. c5+ Kf8 20. Be3 Qf6 21. Bf4 Be6 22. Qb2 Qf7 23. Rad1 h6 24. h4 a4 25. Rd2 Na5 26. Qb4 Nc6 27. Qxa4 Bc4 28. Rxe8+ Rxe8 29. Qc2 Re1+ 30. Kh2 g5 31. hxg5 Qh5+ 32. Bh3 Be6 33. g4 Bxg4 34. Rd3 Bf3 35. Rxf3 Qxf3 36. Qf5+ Ke8 37. Qd7+ Kf8 38. Qf5+ Ke8 1/2-1/2

[Event "Oberpfalz-ch M1"]
[Site "Bad Koetzting"]
[Date "2018.03.24"]
[Round "1"]
[White "Brunner, Tobias"]
[Black "Blodig, Constantin"]
[Result "1/2-1/2"]
[WhiteElo "1888"]
[BlackElo "2112"]
[PlyCount "34"]
[EventDate "2018.03.24"]
[EventType "swiss"]
[EventRounds "8"]
[EventCountry "GER"]
[SourceTitle "EXT 2020"]
[Source "ChessBase"]
[SourceDate "2019.10.17"]
[SourceVersion "1"]
[SourceVersionDate "2019.10.17"]
[SourceQuality "1"]

1. e4 c5 2. Nc3 Nc6 3. Bc4 d6 4. f4 g6 5. Nf3 Bg7 6. 0-0 e6 7. d3 Nge7 8. Qe1 0-0 9. a3 a6 10. Ne2 d5 11. Ba2 b5 12. c3 dxe4 13. dxe4 Bb7 14. Be3 Na5 15. Ng3 Rc8 16. Qf2 Qc7 17. Ng5 Nc4 1/2-1/2

[Event "Landesliga Nord 1718"]
[Site "Bayern"]
[Date "2017.11.26"]
[Round "3.4"]
[White "Blodig, Constantin"]
[Black "Weigel, Robert"]
[Result "1-0"]
[WhiteElo "2128"]
[BlackElo "2044"]
[PlyCount "109"]
[EventDate "2017.10.22"]
[EventType "team-tourn"]
[EventRounds "9"]
[EventCountry "GER"]
[SourceTitle "EXT 2022"]
[Source "ChessBase"]
[SourceDate "2021.10.06"]
[SourceVersion "1"]
[SourceVersionDate "2021.10.06"]
[SourceQuality "1"]
[WhiteTeam "Kelheim SK"]
[BlackTeam "Forchheim SC II"]
[WhiteTeamCountry "GER"]
[BlackTeamCountry "GER"]

1. e4 c5 2. Nc3 Nc6 3. g3 g6 4. Bg2 Rb8 5. d3 Bg7 6. Be3 d6 7. Qd2 b5 8. h4 b4 9. Nd1 h5 10. Nf3 Nf6 11. 0-0 Bd7 12. e5 dxe5 13. Bxc5 Qa5 14. Be3 Ng4 15. Ng5 0-0 16. Ne4 Rfc8 17. f3 Nxe3 18. Nxe3 Bh6 19. f4 exf4 20. gxf4 Nd4 21. Nc4 Qc7 22. Rae1 Be6 23. b3 Nf5 24. Qf2 Bg7 25. Qe2 Nxh4 26. Ng5 Bxc4 27. bxc4 Nxg2 28. Qxg2 e6 29. Kh2 Rb6 30. Re4 Qc5 31. Rg1 Qf5 32. Qd2 Bc3 33. Qe2 Rd8 34. Nf3 Bf6 35. Ne5 Rc8 36. Qd2 a5 37. Qe3 Rb7 38. Rg2 Rbc7 39. Qe1 Rd8 40. Qg1 Rdc8 41. Qe3 Kg7 42. Kg1 h4 43. Qe2 Rh8 44. Kh2 Rcc8 45. Qe3 Rh5 46. Qa7 Bxe5 47. fxe5 Rf8 48. Qe3 Rfh8 49. d4 Qf1 50. Rf4 Qxc4 51. Qf3 Rf5 52. Rxf5 exf5 53. Qxf5 Qe6 54. Qf3 Rh5 55. Qxh5 1-0

[Event "Pardubice Czech op-A 28th"]
[Site "Pardubice"]
[Date "2017.07.27"]
[Round "7"]
[White "Blodig, Constantin"]
[Black "Rakesh, Kumar Jena"]
[Result "0-1"]
[WhiteElo "2099"]
[BlackElo "2283"]
[PlyCount "92"]
[EventDate "2017.07.21"]
[EventType "swiss"]
[EventRounds "9"]
[EventCountry "CZE"]
[SourceTitle "CBM 179 Extra"]
[Source "ChessBase"]
[SourceDate "2017.08.23"]
[SourceVersion "1"]
[SourceVersionDate "2017.08.23"]
[SourceQuality "1"]

1. e4 c5 2. Nc3 e6 3. g3 Nc6 4. Bg2 Nf6 5. d3 d5 6. Nh3 d4 7. Ne2 e5 8. 0-0 Be7 9. f4 0-0 10. f5 Ng4 11. Bf3 Ne3 12. Bxe3 dxe3 13. Nc3 c4 14. Nd5 Bc5 15. Kg2 cxd3 16. Qxd3 Ne7 17. Rad1 Nxd5 18. Qxd5 Qxd5 19. Rxd5 b6 20. Ng1 Bb7 21. Rdd1 h5 22. Ne2 Rad8 23. Nc1 g5 24. fxg6 fxg6 25. h3 Rd2+ 26. Rxd2 exd2 27. Nb3 Be3 28. Rd1 Rd8 29. Kf1 Ba6+ 30. Kg2 Rc8 31. Na1 Kg7 32. h4 g5 33. hxg5 Kg6 34. Rh1 Rf8 35. Nb3 Bc8 36. Bxh5+ Kxg5 37. Bf3 Bg4 38. Nxd2 Bxd2 39. Bxg4 Kxg4 40. Rh7 a5 41. Re7 Be3 42. Rg7+ Bg5 43. Rb7 Rd8 44. Rxb6 Rd2+ 45. Kf1 Kf3 46. Kg1 Be3+ 0-1

[Event "Oberpfalz-ch M1"]
[Site "Windischeschenbach"]
[Date "2017.04.10"]
[Round "6"]
[White "Blodig, Constantin"]
[Black "Tassell, Pierre"]
[Result "1/2-1/2"]
[WhiteElo "2099"]
[BlackElo "2067"]
[PlyCount "37"]
[EventDate "2017.04.08"]
[EventType "swiss"]
[EventRounds "8"]
[EventCountry "GER"]
[SourceTitle "EXT 2020"]
[Source "ChessBase"]
[SourceDate "2019.10.17"]
[SourceVersion "1"]
[SourceVersionDate "2019.10.17"]
[SourceQuality "1"]

1. e4 c5 2. Nc3 Nc6 3. g3 g6 4. Bg2 Bg7 5. d3 d6 6. Be3 e5 7. Nh3 Nge7 8. f4 Nd4 9. 0-0 0-0 10. Qd2 Rb8 11. Rf2 b5 12. Raf1 b4 13. Nd1 exf4 14. Bxf4 Ne6 15. Bh6 d5 16. Bxg7 Kxg7 17. Ne3 dxe4 18. Ng4 f5 19. Qh6+ 1/2-1/2

[Event "Oberpfalz-ch M1"]
[Site "Windischeschenbach"]
[Date "2017.04.08"]
[Round "2"]
[White "Disterheft, David"]
[Black "Blodig, Constantin"]
[Result "1/2-1/2"]
[WhiteElo "2068"]
[BlackElo "2099"]
[PlyCount "86"]
[EventDate "2017.04.08"]
[EventType "swiss"]
[EventRounds "8"]
[EventCountry "GER"]
[SourceTitle "EXT 2020"]
[Source "ChessBase"]
[SourceDate "2019.10.17"]
[SourceVersion "1"]
[SourceVersionDate "2019.10.17"]
[SourceQuality "1"]

1. d4 Nf6 2. c4 g6 3. Nc3 Bg7 4. e4 d6 5. Nge2 0-0 6. Ng3 e5 7. d5 a5 8. h4 c6 9. Be2 Na6 10. Na4 Rb8 11. dxc6 bxc6 12. h5 Qc7 13. Bg5 Be6 14. Qd2 Rfd8 15. f3 Qb7 16. Bh6 Qb4 17. Bxg7 Kxg7 18. hxg6 Qxd2+ 19. Kxd2 hxg6 20. a3 Nd7 21. Kc3 Nb6 22. Nxb6 Rxb6 23. Rhd1 d5 24. cxd5 cxd5 25. exd5 Bxd5 26. Bxa6 Rc6+ 27. Kd2 Rxa6 28. Ke3 f5 29. Ne2 Rad6 30. Nc3 Bb3 31. Rxd6 Rxd6 32. Rc1 g5 33. g3 Kf6 34. Re1 f4+ 35. gxf4 exf4+ 36. Kf2 Rd2+ 37. Re2 Rxe2+ 38. Kxe2 Kf5 39. Nb1 Bc4+ 40. Kf2 Bd3 41. Nd2 g4 42. fxg4+ Kxg4 43. b4 axb4 1/2-1/2

[Event "Landesliga Nord 1617"]
[Site "Bayern"]
[Date "2017.04.02"]
[Round "8.3"]
[White "Blodig, Constantin"]
[Black "Pfadenhauer, Johannes"]
[Result "1-0"]
[WhiteElo "2085"]
[BlackElo "2098"]
[PlyCount "42"]
[EventDate "2016.10.16"]
[EventType "team-tourn"]
[EventRounds "9"]
[EventCountry "GER"]
[SourceTitle "EXT 2019"]
[Source "ChessBase"]
[SourceDate "2018.10.10"]
[SourceVersion "1"]
[SourceVersionDate "2018.10.10"]
[SourceQuality "1"]
[WhiteTeam "Kelheim"]
[BlackTeam "Bindlach Aktionaer II"]
[WhiteTeamCountry "GER"]
[BlackTeamCountry "GER"]

1. e4 c5 2. Nc3 Nc6 3. g3 g6 4. Bg2 Bg7 5. d3 d6 6. f4 Rb8 7. Nf3 b5 8. 0-0 b4 9. Ne2 Qb6 10. h3 a5 11. Rb1 c4+ 12. d4 e5 13. Be3 Nf6 14. Qc1 Qc7 15. d5 Ne7 16. fxe5 Nxe4 17. e6 fxe6 18. dxe6 0-0 19. Nfd4 Rxf1+ 20. Qxf1 Nc5 21. Qf7+ Kh8 1-0

[Event "Bayern-ch"]
[Site "Bad Griesbach"]
[Date "2016.08.26"]
[Round "8"]
[White "Grosshans, Ralf Michael"]
[Black "Blodig, Constantin"]
[Result "1/2-1/2"]
[WhiteElo "2160"]
[BlackElo "2087"]
[PlyCount "56"]
[EventDate "2016.08.21"]
[EventType "swiss"]
[EventRounds "9"]
[EventCountry "GER"]
[SourceTitle "EXT 2022"]
[Source "ChessBase"]
[SourceDate "2021.10.06"]
[SourceVersion "1"]
[SourceVersionDate "2021.10.06"]
[SourceQuality "1"]

1. e4 c5 2. Nf3 d6 3. c3 Nf6 4. Be2 Nc6 5. d3 g6 6. 0-0 Bg7 7. h3 0-0 8. Be3 Rb8 9. Nbd2 Bd7 10. d4 cxd4 11. cxd4 d5 12. e5 Ne8 13. Qb3 e6 14. Nh2 Qe7 15. a3 Nc7 16. Rac1 Rfc8 17. Ndf3 Ne8 18. Qa2 b5 19. Bg5 Qf8 20. Ng4 h6 21. Be3 h5 22. Ngh2 Nc7 23. g4 hxg4 24. hxg4 f6 25. exf6 Qxf6 26. Qb1 b4 27. a4 e5 28. Nxe5 Nxe5 1/2-1/2

[Event "Wunsiedel op 10th"]
[Site "Wunsiedel"]
[Date "2016.05.05"]
[Round "1"]
[White "Blodig, Constantin"]
[Black "Pap, Gyula"]
[Result "0-1"]
[WhiteElo "2086"]
[BlackElo "2549"]
[PlyCount "78"]
[EventDate "2016.05.05"]
[EventType "swiss"]
[EventRounds "7"]
[EventCountry "GER"]
[SourceTitle "CBM 172 Extra"]
[Source "ChessBase"]
[SourceDate "2016.06.21"]
[SourceVersion "1"]
[SourceVersionDate "2016.06.21"]
[SourceQuality "1"]

1. e4 c5 2. Nc3 e6 3. Nge2 Nc6 4. g3 d5 5. exd5 exd5 6. Bg2 Nf6 7. d4 cxd4 8. Nxd4 Bg4 9. Nce2 Bc5 10. Nb3 Bb6 11. h3 Bh5 12. 0-0 0-0 13. g4 Bg6 14. Bg5 h6 15. Bh4 Bh7 16. c3 Re8 17. Ned4 Ne5 18. Re1 a6 19. Nf5 Bxf5 20. gxf5 Rc8 21. Nd4 Qd6 22. Qb3 Ne4 23. Rad1 Qc5 24. Rf1 Nc4 25. Qc2 Qd6 26. Rfe1 Qf4 27. Bxe4 Bxd4 28. cxd4 dxe4 29. Bg3 Qxf5 30. Qb3 b5 31. d5 Qxh3 32. d6 Rcd8 33. a4 Qf5 34. axb5 axb5 35. Qc2 Ne5 36. Bxe5 Rxe5 37. Re3 Rd5 38. Rxd5 Qxd5 39. Rxe4 Qxd6 0-1

[Event "Oberliga Bayern 1516"]
[Site "Bayern"]
[Date "2016.01.17"]
[Round "5.4"]
[White "Miller, Eduard"]
[Black "Blodig, Constantin"]
[Result "0-1"]
[WhiteElo "2249"]
[BlackElo "2106"]
[PlyCount "62"]
[EventDate "2015.10.11"]
[EventType "team-tourn"]
[EventRounds "9"]
[EventCountry "GER"]
[SourceTitle "EXT 2018"]
[Source "ChessBase"]
[SourceDate "2017.10.13"]
[SourceVersion "1"]
[SourceVersionDate "2017.10.13"]
[SourceQuality "1"]
[WhiteTeam "Erlangen SC"]
[BlackTeam "Kelheim"]
[WhiteTeamCountry "GER"]
[BlackTeamCountry "GER"]

1. c4 e5 2. g3 Nc6 3. Bg2 g6 4. Nc3 Bg7 5. e3 d6 6. Nge2 Be6 7. d4 Bxc4 8. d5 Bxe2 9. Qxe2 Nce7 10. Qb5+ Kf8 11. Qxb7 Nf6 12. 0-0 Nd7 13. e4 h5 14. Be3 a6 15. Bh3 h4 16. Kg2 Bh6 17. Na4 Rb8 18. Qxa6 Kg7 19. Bxh6+ Rxh6 20. Rac1 Nf6 21. Rc4 g5 22. f3 hxg3 23. hxg3 Qh8 24. Rh1 Qh7 25. Rxc7 Rh8 26. Qxd6 Rxh3 27. Qxe7 Rh2+ 28. Rxh2 Qxh2+ 29. Kf1 Qh1+ 30. Ke2 Rh2+ 31. Ke3 Qg1+ 0-1

[Event "Oberliga Bayern 1516"]
[Site "Bayern"]
[Date "2015.11.15"]
[Round "3.5"]
[White "Blodig, Constantin"]
[Black "Quast, Michael"]
[Result "1/2-1/2"]
[WhiteElo "2106"]
[BlackElo "2272"]
[PlyCount "50"]
[EventDate "2015.10.11"]
[EventType "team-tourn"]
[EventRounds "9"]
[EventCountry "GER"]
[SourceTitle "EXT 2018"]
[Source "ChessBase"]
[SourceDate "2017.10.13"]
[SourceVersion "1"]
[SourceVersionDate "2017.10.13"]
[SourceQuality "1"]
[WhiteTeam "Kelheim"]
[BlackTeam "Regensburg Post/Sued"]
[WhiteTeamCountry "GER"]
[BlackTeamCountry "GER"]

1. e4 d5 2. exd5 Qxd5 3. Nc3 Qd6 4. d4 Nf6 5. Nf3 c6 6. Be2 Bg4 7. 0-0 Nbd7 8. Be3 e6 9. Qd2 Qc7 10. Bf4 Bd6 11. Bxd6 Qxd6 12. Rad1 0-0 13. h3 Bxf3 14. Bxf3 Rfd8 15. Qe3 Nb6 16. Ne4 Nxe4 17. Qxe4 Qb4 18. b3 Qa3 19. Qd3 Qxa2 20. Ra1 Qb2 21. c3 Qxb3 22. Rfb1 Qc4 23. Qxc4 Nxc4 24. Rxb7 Nd6 25. Rc7 Rac8 1/2-1/2

[Event "Oberliga Bayern 1516"]
[Site "Bayern"]
[Date "2015.10.11"]
[Round "1.5"]
[White "Blodig, Constantin"]
[Black "Pflug, Matthias"]
[Result "0-1"]
[WhiteElo "2106"]
[BlackElo "2219"]
[PlyCount "78"]
[EventDate "2015.10.11"]
[EventType "team-tourn"]
[EventRounds "9"]
[EventCountry "GER"]
[SourceTitle "EXT 2018"]
[Source "ChessBase"]
[SourceDate "2017.10.13"]
[SourceVersion "1"]
[SourceVersionDate "2017.10.13"]
[SourceQuality "1"]
[WhiteTeam "Kelheim"]
[BlackTeam "Passau"]
[WhiteTeamCountry "GER"]
[BlackTeamCountry "GER"]

1. e4 c5 2. Nc3 Nc6 3. g3 g6 4. Bg2 Bg7 5. d3 d6 6. f4 e6 7. Nf3 Nge7 8. 0-0 0-0 9. Be3 Nd4 10. e5 dxe5 11. Nxe5 Rb8 12. Ne4 b6 13. c3 Ndf5 14. Bf2 Nd6 15. Qa4 a5 16. Rad1 Nxe4 17. Bxe4 Qc7 18. d4 b5 19. Qc2 c4 20. b3 f6 21. Nxc4 bxc4 22. bxc4 Qxc4 23. Bd3 Qc6 24. Be4 Qc4 25. Bd3 Qc7 26. Be4 Ba6 27. Rfe1 Nd5 28. Rc1 Rfc8 29. Bd3 Bc4 30. Qe2 Rb6 31. h4 Kf7 32. h5 Bxd3 33. Qxd3 Qc4 34. Qf3 Rb2 35. g4 f5 36. gxf5 exf5 37. Bh4 a4 38. Rb1 a3 39. Rbd1 Rc7 0-1

[Event "Oberpfalz-ch M1"]
[Site "Schwandorf"]
[Date "2015.03.31"]
[Round "8"]
[White "Gruber, Roland"]
[Black "Blodig, Constantin"]
[Result "1/2-1/2"]
[WhiteElo "2085"]
[BlackElo "1988"]
[PlyCount "51"]
[EventDate "2015.03.28"]
[EventType "swiss"]
[EventRounds "8"]
[EventCountry "GER"]
[SourceTitle "EXT 2022"]
[Source "ChessBase"]
[SourceDate "2021.10.06"]
[SourceVersion "1"]
[SourceVersionDate "2021.10.06"]
[SourceQuality "1"]

1. Nf3 Nf6 2. d4 c5 3. e3 d5 4. dxc5 e6 5. a3 Bxc5 6. b4 Be7 7. Bb2 0-0 8. Be2 Nbd7 9. Nbd2 a6 10. c4 dxc4 11. Nxc4 Nd5 12. Qb3 Bf6 13. Rc1 Bxb2 14. Qxb2 N7b6 15. 0-0 Na4 16. Qb3 b5 17. Nb2 Nxb2 18. Qxb2 Bb7 19. Rfd1 Qe7 20. Rc5 Rac8 21. Rdc1 Rxc5 22. Rxc5 Rd8 23. Qc1 Qd6 24. Nd4 Nb6 25. h3 h6 26. Rc7 1/2-1/2